[Event "Condom op 10th"]
[Site "Condom"]
[Date "2010.??.??"]
[Round "9.22"]
[White "Levers, Thierry"]
[Black "Ruault, Nicolas"]
[Result "0-1"]
[WhiteElo "1946"]
[BlackElo "1725"]
[PlyCount "42"]
[EventDate "2010.07.??"]
[EventType "swiss"]
[EventRounds "9"]
[EventCountry "FRA"]
[WhiteTeamCountry "FRA"]
[BlackTeamCountry "FRA"]

1. d4 g6 2. e4 Bg7 3. Nc3 d6 4. Bg5 Nd7 5. Qd2 Ngf6 6. Bh6 O-O 7. h4 c5 8. Nf3
cxd4 9. Nxd4 Ne5 10. f3 Qb6 11. O-O-O Nh5 12. g4 Ng3 13. Rg1 Nxf1 14. Rgxf1 Bd7
15. h5 Nc4 16. Na4 Bxa4 17. Qc3 Bxh6+ 18. f4 Na5 19. hxg6 fxg6 20. Ne6 Rfc8 21.
Qh3 Rxc2+ 0-1

[Event "Condom op 10th"]
[Site "Condom"]
[Date "2010.??.??"]
[Round "3.3"]
[White "Libiszewski, Fabien"]
[Black "Choisy, Mathilde"]
[Result "1-0"]
[WhiteElo "2488"]
[BlackElo "2168"]
[PlyCount "77"]
[EventDate "2010.07.??"]
[EventType "swiss"]
[EventRounds "9"]
[EventCountry "FRA"]
[WhiteTeamCountry "FRA"]
[BlackTeamCountry "FRA"]

1. e4 c5 2. Nf3 Nc6 3. Bb5 d6 4. O-O Bd7 5. Re1 Nf6 6. c3 a6 7. Bf1 Bg4 8. d4
cxd4 9. cxd4 d5 10. e5 Ne4 11. h3 Bh5 12. e6 fxe6 13. Nc3 Nxc3 14. bxc3 Bxf3
15. Qxf3 Qd7 16. Rb1 g6 17. Qg4 Nd8 18. h4 Rc8 19. h5 e5 20. Qg3 e4 21. c4 Bg7
22. hxg6 hxg6 23. Qxg6+ Kf8 24. cxd5 Qxd5 25. Qxe4 Qxe4 26. Rxe4 Rh5 27. Ba3
Bf6 28. Bc5 b5 29. Be2 Rd5 30. Bg4 Rc7 31. Rbe1 Nb7 32. Bb6 Rc2 33. Be6 Rd6 34.
Ba7 Nd8 35. Bb3 Rd2 36. Bc5 Rd7 37. Rg4 Nf7 38. Rf4 Nd6 39. Re6 1-0

[Event "Condom op 10th"]
[Site "Condom"]
[Date "2010.??.??"]
[Round "5.3"]
[White "Libiszewski, Fabien"]
[Black "Genov, Petar"]
[Result "1/2-1/2"]
[WhiteElo "2488"]
[BlackElo "2442"]
[PlyCount "58"]
[EventDate "2010.07.??"]
[EventType "swiss"]
[EventRounds "9"]
[EventCountry "FRA"]
[WhiteTeamCountry "FRA"]
[BlackTeamCountry "FRA"]

1. e4 c5 2. Nf3 Nf6 3. Nc3 Nc6 4. Bb5 Qc7 5. O-O Nd4 6. Nxd4 cxd4 7. Nd5 Nxd5
8. exd5 Qc5 9. c4 a6 10. b4 Qxb4 11. Ba4 g6 12. d3 b5 13. Bb3 Bg7 14. a4 bxc4
15. Bxc4 d6 16. Re1 Qb7 17. Bg5 f6 18. Rb1 Qc7 19. Bd2 O-O 20. a5 f5 21. f4 Bf6
22. Rb6 Rd8 23. Qb3 Rd7 24. Rb1 Qd8 25. Rc6 Kg7 26. Qb8 Rda7 27. Qxa7 Rxa7 28.
Rb8 Qd7 29. Rcxc8 Qa4 1/2-1/2

[Event "Condom op 10th"]
[Site "Condom"]
[Date "2010.??.??"]
[Round "1.4"]
[White "Libiszewski, Fabien"]
[Black "Sivan, Michel"]
[Result "1-0"]
[WhiteElo "2488"]
[BlackElo "1887"]
[PlyCount "45"]
[EventDate "2010.07.??"]
[EventType "swiss"]
[EventRounds "9"]
[EventCountry "FRA"]
[WhiteTeamCountry "FRA"]
[BlackTeamCountry "FRA"]

1. e4 g6 2. d4 d6 3. Nc3 Bg7 4. Be3 c6 5. f4 Nf6 6. Nf3 O-O 7. Bd3 Ng4 8. Bg1
Qb6 9. a3 c5 10. h3 Nh6 11. g4 f6 12. dxc5 dxc5 13. Nd5 Qd6 14. Bc4 Kh8 15. f5
Nc6 16. Bh2 Qd8 17. Qe2 Qa5+ 18. c3 e5 19. O-O Bd7 20. g5 fxg5 21. f6 Bxf6 22.
Nxf6 Rxf6 23. Nxe5 1-0

[Event "Open International d'Ambès 2010"]
[Site "Ambes"]
[Date "2010.??.??"]
[Round "3.11"]
[White "Locatelli, Claude"]
[Black "Jund, Christian"]
[Result "0-1"]
[WhiteElo "1617"]
[BlackElo "1969"]
[PlyCount "56"]
[EventDate "2010.04.??"]
[EventType "swiss"]
[EventRounds "9"]
[EventCountry "FRA"]
[WhiteTeamCountry "FRA"]
[BlackTeamCountry "FRA"]

1. d4 Nf6 2. c4 c5 3. d5 b5 4. cxb5 a6 5. bxa6 Bxa6 6. Nc3 g6 7. Nf3 d6 8. g3
Bg7 9. Bg2 O-O 10. O-O Nbd7 11. Qc2 Nb6 12. Rd1 Ra7 13. e4 Qc7 14. Nd2 Rfa8 15.
Nf1 Ng4 16. h3 Ne5 17. b3 c4 18. b4 Nd3 19. a3 Bd4 20. Be3 Bxe3 21. Nxe3 Qd7
22. Kh2 Bb5 23. Nxb5 Qxb5 24. Nxc4 Nxb4 25. Nxd6 exd6 26. axb4 Rxa1 27. Rxa1
Rxa1 28. Qc3 Rb1 0-1

[Event "Open International d'Ambès 2010"]
[Site "Ambes"]
[Date "2010.??.??"]
[Round "2.18"]
[White "Maisonnet, Emmanuel"]
[Black "Chansavang, Albain"]
[Result "1/2-1/2"]
[WhiteElo "1742"]
[BlackElo "1652"]
[PlyCount "115"]
[EventDate "2010.04.??"]
[EventType "swiss"]
[EventRounds "9"]
[EventCountry "FRA"]
[WhiteTeamCountry "FRA"]
[BlackTeamCountry "FRA"]

1. d4 Nf6 2. c4 e6 3. Nc3 Bb4 4. Qc2 d5 5. e3 c6 6. a3 Ba5 7. Nf3 Nbd7 8. Bd3
Bxc3+ 9. bxc3 Nb6 10. Ne5 dxc4 11. Nxc4 Nxc4 12. Bxc4 b5 13. Bd3 Qd5 14. e4 Qh5
15. Bf4 Qg4 16. Bg3 h5 17. h3 Qg5 18. e5 Nd5 19. h4 Qg4 20. Be4 Bd7 21. Bf3 Qf5
22. Qxf5 exf5 23. Kd2 Rd8 24. Rhc1 Nb6 25. Re1 Nc4+ 26. Kc2 Na5 27. a4 f4 28.
Bxf4 Bf5+ 29. Be4 Bxe4+ 30. Rxe4 Rd5 31. axb5 Rxb5 32. c4 Nxc4 33. Rxa7 O-O 34.
Ra6 Rb6 35. Rxb6 Nxb6 36. Kc3 Nd5+ 37. Kc4 Re8 38. Bd2 f6 39. Kc5 fxe5 40. Kxc6
Nf6 41. Rxe5 Rd8 42. Be3 Kf7 43. d5 Rc8+ 44. Kb6 Rd8 45. Kc6 Rxd5 46. Rxd5 Nxd5
47. Kd6 Ne7 48. g3 g6 49. Ke5 Kg7 50. Bg5 Nf5 51. Bf4 Kf7 52. f3 Kg7 53. g4
hxg4 54. fxg4 Nxh4 55. Bg5 Nf3+ 56. Kf4 Nh2 57. Kg3 Nxg4 58. Kxg4 1/2-1/2

[Event "Open International d'Ambès 2010"]
[Site "Ambes"]
[Date "2010.??.??"]
[Round "7.24"]
[White "Maisonnet, Emmanuel"]
[Black "Marimon, Frederic"]
[Result "1/2-1/2"]
[WhiteElo "1742"]
[BlackElo "1667"]
[PlyCount "86"]
[EventDate "2010.04.??"]
[EventType "swiss"]
[EventRounds "9"]
[EventCountry "FRA"]
[WhiteTeamCountry "FRA"]
[BlackTeamCountry "FRA"]

1. d4 Nf6 2. c4 e6 3. Nc3 Bb4 4. Qc2 b6 5. f3 O-O 6. Bg5 h6 7. Bh4 Be7 8. e4
Ne8 9. Bd3 Bxh4+ 10. g3 Be7 11. Nge2 Nc6 12. Qd2 e5 13. h4 Nxd4 14. Nxd4 exd4
15. Nd5 Nf6 16. Nf4 Nh7 17. Kf2 d5 18. cxd5 Re8 19. Rag1 a5 20. Qc2 Bc5 21. Rc1
Ba6 22. Rhd1 Bxd3 23. Qxd3 Qd7 24. Kg2 Nf6 25. Qc4 Qe7 26. Re1 Bb4 27. Re2 Qc5
28. Nd3 Qxc4 29. Rxc4 Bd6 30. Rxd4 Nd7 31. Rc2 Ne5 32. Nc1 Rec8 33. f4 Nd7 34.
a3 f6 35. Ne2 Nc5 36. Kf3 Nb3 37. Rdc4 Nc5 38. Nc3 Ne6 39. Nb5 Bc5 40. d6 Rd8
41. dxc7 Rd7 42. b4 axb4 43. axb4 Nd4+ 1/2-1/2

[Event "Condom op 10th"]
[Site "Condom"]
[Date "2010.??.??"]
[Round "1.3"]
[White "Makukins, Maksims"]
[Black "David, Martin"]
[Result "0-1"]
[WhiteElo "1499"]
[BlackElo "1757"]
[PlyCount "84"]
[EventDate "2010.07.??"]
[EventType "swiss"]
[EventRounds "9"]
[EventCountry "FRA"]
[WhiteTeamCountry "FRA"]
[BlackTeamCountry "FRA"]

1. e4 c6 2. d4 d5 3. e5 Bf5 4. Nf3 e6 5. h3 h6 6. Bd3 Bxd3 7. Qxd3 c5 8. b3
cxd4 9. Nxd4 Nd7 10. Qg3 Ne7 11. Ba3 Qb6 12. c3 Nc5 13. Nd2 Ng6 14. Bxc5 Bxc5
15. N2f3 O-O 16. O-O Rac8 17. Rac1 Qa6 18. a4 Ba3 19. Rc2 Qd3 20. Ne1 Qxg3 21.
fxg3 Nxe5 22. b4 a5 23. Ra2 axb4 24. Nb5 Nc4 25. Nc2 b3 26. Rxa3 bxc2 27. Ra2
Nd2 28. Rc1 Ne4 29. Rcxc2 Nxg3 30. Nd6 Rb8 31. Rcb2 b6 32. Rb3 Rfd8 33. Nb5 Ne4
34. Rab2 Rdc8 35. g4 Rc4 36. Ra2 Nc5 37. Rb4 Rxb4 38. cxb4 Nd3 39. Nd4 Nxb4 40.
Rb2 Nd3 41. Rb3 Nc5 42. Rb5 Nxa4 0-1

[Event "Open International d'Ambès 2010"]
[Site "Ambes"]
[Date "2010.??.??"]
[Round "3.9"]
[White "Mamah, Isabelle"]
[Black "Basso, Pierre Yves"]
[Result "1-0"]
[WhiteElo "1786"]
[BlackElo "1972"]
[PlyCount "55"]
[EventDate "2010.04.??"]
[EventType "swiss"]
[EventRounds "9"]
[EventCountry "FRA"]
[WhiteTeamCountry "FRA"]
[BlackTeamCountry "FRA"]

1. e4 c5 2. c3 e6 3. d4 d5 4. exd5 Qxd5 5. Nf3 Nf6 6. Bb5+ Bd7 7. Bxd7+ Nbxd7
8. O-O Bd6 9. Nbd2 cxd4 10. Nxd4 O-O 11. N2f3 Rac8 12. Bg5 Ne4 13. Bh4 Ndf6 14.
Bxf6 Nxf6 15. Qc2 Rfd8 16. Rad1 Qh5 17. h3 a6 18. Rfe1 Qa5 19. a3 b5 20. Nxe6
Rd7 21. Neg5 h6 22. Nxf7 Re7 23. Nxh6+ gxh6 24. Qd3 Ne8 25. Qd5+ Kg7 26. Rxe7+
Bxe7 27. Qe6 Qc7 28. Qg6+ 1-0

[Event "Open International d'Ambès 2010"]
[Site "Ambes"]
[Date "2010.??.??"]
[Round "5.8"]
[White "Mamah, Isabelle"]
[Black "Lapeyre, Pierre"]
[Result "1-0"]
[WhiteElo "1786"]
[BlackElo "2103"]
[PlyCount "91"]
[EventDate "2010.04.??"]
[EventType "swiss"]
[EventRounds "9"]
[EventCountry "FRA"]
[WhiteTeamCountry "FRA"]
[BlackTeamCountry "FRA"]

1. e4 c5 2. c3 Qa5 3. Nf3 Nc6 4. Be2 Nf6 5. d3 c4 6. O-O d6 7. Na3 cxd3 8. Qxd3
Qc7 9. Nb5 Qb8 10. h3 a6 11. Nbd4 e5 12. Nc2 Be7 13. Bg5 Be6 14. Bxf6 Bxf6 15.
Rad1 Be7 16. Ne3 O-O 17. Nd5 Bxd5 18. Qxd5 Qc7 19. Ne1 Nb8 20. Nc2 Nd7 21. Ne3
Nf6 22. Qd3 g6 23. Nd5 Nxd5 24. Qxd5 Qb6 25. Rd2 Rac8 26. Bc4 Rc5 27. Qd3 Qc7
28. Bd5 a5 29. c4 Kg7 30. Qb3 Rb8 31. Qf3 Bd8 32. Rd3 b5 33. b3 Qe7 34. Rfd1
Bc7 35. Qe2 bxc4 36. Bxc4 h5 37. g4 hxg4 38. Qxg4 Rh8 39. Rf3 f6 40. Rg3 Rh6
41. Kg2 a4 42. Rg1 axb3 43. axb3 Bb6 44. Kf3 Ra5 45. Qxg6+ Rxg6 46. Rxg6+ 1-0

[Event "Open International d'Ambès 2010"]
[Site "Ambes"]
[Date "2010.??.??"]
[Round "7.6"]
[White "Mamah, Isabelle"]
[Black "Ternault, Mathieu"]
[Result "1/2-1/2"]
[WhiteElo "1786"]
[BlackElo "1994"]
[PlyCount "99"]
[EventDate "2010.04.??"]
[EventType "swiss"]
[EventRounds "9"]
[EventCountry "FRA"]
[WhiteTeamCountry "FRA"]
[BlackTeamCountry "FRA"]

1. e4 e6 2. d4 d5 3. Nd2 Nf6 4. e5 Nfd7 5. Bd3 c5 6. c3 Nc6 7. Ne2 b6 8. O-O
cxd4 9. cxd4 Nb4 10. Bb5 Ba6 11. Bxa6 Nxa6 12. Nf3 Be7 13. Be3 b5 14. a3 Nab8
15. a4 b4 16. Rc1 a5 17. Qd3 O-O 18. Rc2 Nb6 19. b3 Qd7 20. Rfc1 Ra7 21. Bg5
Rc8 22. Bxe7 Rxc2 23. Qxc2 Qxe7 24. Nf4 Na6 25. Qd3 Rc7 26. Rxc7 Qxc7 27. Ne2
Nb8 28. h3 N6d7 29. Ng5 Nf8 30. f4 Nc6 31. Qc2 Qb6 32. Nf3 Ne7 33. Kf2 Qa7 34.
g4 Qb6 35. Qc1 Qc6 36. Qxc6 Nxc6 37. Ke3 Nd7 38. Nc1 Kf8 39. f5 Nd8 40. Nd3 Ke7
41. Nf4 Nf8 42. Nh5 g6 43. f6+ Kd7 44. Nf4 h6 45. Nd3 Kc7 46. Nc5 Kc6 47. h4
Nh7 48. Nd3 Kd7 49. Nc5+ Kc6 50. Nd3 1/2-1/2

[Event "Championnat de Ligue Individuel"]
[Site "Vendin les Bethune"]
[Date "2010.??.??"]
[Round "1.6"]
[White "Manet, Anthony"]
[Black "Ait Chaouche, Samy"]
[Result "1/2-1/2"]
[WhiteElo "1705"]
[BlackElo "2019"]
[PlyCount "110"]
[EventDate "2008.??.??"]
[EventType "swiss"]
[EventRounds "7"]
[EventCountry "FRA"]
[WhiteTeamCountry "FRA"]
[BlackTeamCountry "FRA"]

1. e4 d6 2. d4 Nf6 3. Nc3 g6 4. Nf3 Bg7 5. Bc4 O-O 6. O-O Nc6 7. Be3 Bg4 8. h3
Bxf3 9. Qxf3 e5 10. d5 Ne7 11. Bg5 Ne8 12. Bb5 f6 13. Be3 c6 14. dxc6 bxc6 15.
Bc4+ Kh8 16. Rfd1 Qc7 17. Qe2 f5 18. f3 f4 19. Bf2 Bf6 20. Rd2 Rd8 21. Rad1 Ng7
22. Bb3 Nc8 23. Qa6 Be7 24. Qe2 g5 25. Kh2 Rf6 26. Kg1 Rdf8 27. Qa6 Rg6 28. Qe2
h5 29. Kf1 Rff6 30. Qc4 Ne8 31. Ba4 d5 32. exd5 Ned6 33. Qd3 c5 34. Ne4 c4 35.
Qe2 Nf5 36. Nxf6 Bxf6 37. Kg1 Ncd6 38. b3 c3 39. Rd3 Qg7 40. Rxc3 g4 41. fxg4
e4 42. Rc6 hxg4 43. hxg4 Rxg4 44. Kf1 Rxg2 45. Qh5+ Kg8 46. Rc8+ Nxc8 47. Qxf5
Rxf2+ 48. Kxf2 e3+ 49. Ke2 Ne7 50. Qxf4 Qg2+ 51. Kd3 Qxd5+ 52. Ke2 Qg2+ 53. Kd3
Nd5 54. Qe4 Qxe4+ 55. Kxe4 Nc3+ 1/2-1/2

[Event "Championnat de Ligue Individuel"]
[Site "Vendin les Bethune"]
[Date "2010.??.??"]
[Round "7.9"]
[White "Manet, Anthony"]
[Black "Bocquet, David"]
[Result "1/2-1/2"]
[WhiteElo "1705"]
[BlackElo "1767"]
[PlyCount "72"]
[EventDate "2008.??.??"]
[EventType "swiss"]
[EventRounds "7"]
[EventCountry "FRA"]
[WhiteTeamCountry "FRA"]
[BlackTeamCountry "FRA"]

1. e4 c5 2. Nc3 e6 3. Nf3 a6 4. a3 Qc7 5. g3 Nc6 6. Bg2 b5 7. d3 Bb7 8. O-O Be7
9. Bd2 d6 10. Ne1 Nf6 11. f4 g6 12. f5 Nd4 13. fxg6 hxg6 14. Ne2 Nc6 15. c3 Ne5
16. Nc2 Nxd3 17. Bg5 Nxe4 18. Bxe7 Nef2 19. Bxd6 Bxg2 20. Bxc7 Nxd1 21. Rfxd1
Be4 22. b3 Ke7 23. Rd2 Rxh2 24. Rxd3 Rh1+ 25. Kf2 Rxa1 26. Nxa1 Bxd3 27. Nf4
Be4 28. Ke3 Bb7 29. b4 Rc8 30. Ba5 c4 31. Bb6 g5 32. Nh3 f6 33. Nf2 Rh8 34. Nc2
e5 35. Bc5+ Ke6 36. Kd2 f5 1/2-1/2

[Event "Championnat de Ligue Individuel"]
[Site "Vendin les Bethune"]
[Date "2010.??.??"]
[Round "3.11"]
[White "Manet, Anthony"]
[Black "Lambert, Rene"]
[Result "1/2-1/2"]
[WhiteElo "1705"]
[BlackElo "1707"]
[PlyCount "62"]
[EventDate "2008.??.??"]
[EventType "swiss"]
[EventRounds "7"]
[EventCountry "FRA"]
[WhiteTeamCountry "FRA"]
[BlackTeamCountry "FRA"]

1. e4 d6 2. d4 g6 3. Nf3 Bg7 4. Nc3 Nf6 5. Bc4 O-O 6. O-O Nbd7 7. Be3 a6 8. a3
b5 9. Bb3 Bb7 10. d5 c5 11. dxc6 Bxc6 12. Nd2 Nc5 13. f3 Nxb3 14. Nxb3 Qc7 15.
Qd2 Rfd8 16. Qf2 Nd7 17. Bd4 Bxd4 18. Qxd4 Qb6 19. Qxb6 Nxb6 20. Rfd1 Nc4 21.
Rab1 Rac8 22. Kf2 e6 23. Nd2 d5 24. Nxc4 dxc4 25. Rxd8+ Rxd8 26. Rd1 Rc8 27.
Ke3 Kf8 28. Ne2 Ke7 29. c3 Bb7 30. Rd2 e5 31. Rd1 Bc6 1/2-1/2

[Event "Championnat de Ligue Individuel"]
[Site "Vendin les Bethune"]
[Date "2010.??.??"]
[Round "3.1"]
[White "Manet, Eric"]
[Black "Bianchi, Guillaume"]
[Result "0-1"]
[WhiteElo "2015"]
[BlackElo "2202"]
[PlyCount "112"]
[EventDate "2008.??.??"]
[EventType "swiss"]
[EventRounds "7"]
[EventCountry "FRA"]
[WhiteTeamCountry "FRA"]
[BlackTeamCountry "FRA"]

1. e4 e5 2. Nf3 Nc6 3. Bb5 a6 4. Ba4 Nf6 5. O-O b5 6. Bb3 Bb7 7. Re1 Bc5 8. c3
d6 9. d4 Bb6 10. a4 O-O 11. axb5 axb5 12. Rxa8 Qxa8 13. Na3 exd4 14. cxd4 Na5
15. Bc2 Bxe4 16. Bxe4 Nxe4 17. Nxb5 d5 18. Bf4 c6 19. Nc3 Nxc3 20. bxc3 Nc4 21.
Ne5 Nxe5 22. Bxe5 f6 23. Bd6 Re8 24. Bb4 g6 25. g3 Kf7 26. Rxe8 Qxe8 27. Qa4 h5
28. Qa6 Qb8 29. h4 f5 30. Kg2 f4 31. Qe2 Qe8 32. Qxe8+ Kxe8 33. gxf4 Kf7 34. f5
gxf5 35. Kf3 Ke6 36. Kf4 Bd8 37. Kg3 Bc7+ 38. Kg2 Kd7 39. Kf3 Kc8 40. Kg2 Kb7
41. Kf3 Ka6 42. Kg2 Kb5 43. Kf3 Kc4 44. Kg2 Kd3 45. Kf3 Bb8 46. Ba5 Bd6 47. Bd8
Kxc3 48. Bf6 Kd3 49. Be5 Be7 50. Kf4 Bxh4 51. f3 Bf2 52. Kxf5 Bxd4 53. Bg3 Ke2
54. f4 Kf3 55. Bh4 Be3 56. Bg5 d4 0-1

[Event "Championnat de Ligue Individuel"]
[Site "Vendin les Bethune"]
[Date "2010.??.??"]
[Round "5.2"]
[White "Manet, Eric"]
[Black "Renard, Stephane"]
[Result "0-1"]
[WhiteElo "2015"]
[BlackElo "1937"]
[PlyCount "76"]
[EventDate "2008.??.??"]
[EventType "swiss"]
[EventRounds "7"]
[EventCountry "FRA"]
[WhiteTeamCountry "FRA"]
[BlackTeamCountry "FRA"]

1. e4 e5 2. Nf3 Nc6 3. Bb5 Nd4 4. Nxd4 exd4 5. d3 c6 6. Bc4 d5 7. exd5 cxd5 8.
Qe2+ Be7 9. Bb3 Nf6 10. O-O O-O 11. Bf4 Bd6 12. Bxd6 Qxd6 13. h3 a5 14. a4 Bd7
15. Qf3 b5 16. axb5 Bxb5 17. Ba4 Bxa4 18. Rxa4 Qc6 19. Rxd4 Qxc2 20. Rf4 Qxb2
21. d4 Ra6 22. Nc3 a4 23. Qd3 Qb7 24. Rb1 Qa8 25. Ra1 Rb8 26. Qd1 a3 27. g4 h6
28. h4 Qc6 29. g5 Qxc3 30. gxf6 a2 31. Rxa2 Rxa2 32. Qg4 g6 33. h5 g5 34. Rf5
Qc1+ 35. Kh2 Ra1 36. Qg2 Kh7 37. Rf3 Rbb1 38. Re3 Qh1+ 0-1

[Event "Championnat de Ligue Individuel"]
[Site "Vendin les Bethune"]
[Date "2010.??.??"]
[Round "1.7"]
[White "Manet, Eric"]
[Black "Rohart, Quentin"]
[Result "1-0"]
[WhiteElo "2015"]
[BlackElo "1620"]
[PlyCount "47"]
[EventDate "2008.??.??"]
[EventType "swiss"]
[EventRounds "7"]
[EventCountry "FRA"]
[WhiteTeamCountry "FRA"]
[BlackTeamCountry "FRA"]

1. e4 e5 2. Nf3 Nc6 3. Bb5 Bc5 4. O-O Nge7 5. c3 a6 6. Ba4 b5 7. Bb3 Bb7 8. d4
exd4 9. cxd4 Bb6 10. Nc3 Ng6 11. Ng5 O-O 12. Qh5 h6 13. Nxf7 Rxf7 14. Qxg6 Qf6
15. Qxf6 gxf6 16. Bxf7+ Kxf7 17. d5 Ne5 18. Bxh6 Rg8 19. Be3 c5 20. dxc6 Bc7
21. f4 Ng4 22. cxb7 Nxe3 23. Nd5 Nxf1 24. Nxc7 1-0

[Event "Condom op 10th"]
[Site "Condom"]
[Date "2010.??.??"]
[Round "4.12"]
[White "Marciniak, Alexandre"]
[Black "Levers, Thierry"]
[Result "1/2-1/2"]
[WhiteElo "2177"]
[BlackElo "1946"]
[PlyCount "43"]
[EventDate "2010.07.??"]
[EventType "swiss"]
[EventRounds "9"]
[EventCountry "FRA"]
[WhiteTeamCountry "FRA"]
[BlackTeamCountry "FRA"]

1. e4 c5 2. Nf3 Nc6 3. d4 cxd4 4. Nxd4 e5 5. Nb5 d6 6. N1c3 a6 7. Na3 b5 8. Nd5
Nf6 9. Bg5 Be7 10. Bxf6 Bxf6 11. c3 Bg5 12. Nc2 Ne7 13. Ncb4 O-O 14. a4 bxa4
15. Rxa4 a5 16. Nxe7+ Qxe7 17. Nd5 Qb7 18. b3 Be6 19. Bc4 Kh8 20. O-O g6 21.
Qe2 f5 22. Rfa1 1/2-1/2

[Event "Condom op 10th"]
[Site "Condom"]
[Date "2010.??.??"]
[Round "6.16"]
[White "Marciniak, Alexandre"]
[Black "Viers, Emmanuel"]
[Result "1-0"]
[WhiteElo "2177"]
[BlackElo "1844"]
[PlyCount "51"]
[EventDate "2010.07.??"]
[EventType "swiss"]
[EventRounds "9"]
[EventCountry "FRA"]
[WhiteTeamCountry "FRA"]
[BlackTeamCountry "FRA"]

1. e4 c5 2. Nf3 Nc6 3. d4 cxd4 4. Nxd4 g6 5. c4 Bg7 6. Nc2 Nf6 7. Nc3 O-O 8.
Be2 d6 9. O-O Bd7 10. Be3 Rc8 11. f3 Qa5 12. Qd2 Ne5 13. Nd5 Qd8 14. Na3 Nxd5
15. cxd5 a6 16. Rac1 b5 17. Rc2 Rxc2 18. Nxc2 Qb8 19. f4 Ng4 20. Bxg4 Bxg4 21.
f5 gxf5 22. exf5 Qc8 23. Nd4 e5 24. Nc6 Bf6 25. Bg5 Bxg5 26. Qxg5+ 1-0

[Event "Open International d'Ambès 2010"]
[Site "Ambes"]
[Date "2010.??.??"]
[Round "2.22"]
[White "Marimon, Frederic"]
[Black "Barbot, Pierre"]
[Result "1-0"]
[WhiteElo "1667"]
[BlackElo "1590"]
[PlyCount "67"]
[EventDate "2010.04.??"]
[EventType "swiss"]
[EventRounds "9"]
[EventCountry "FRA"]
[WhiteTeamCountry "FRA"]
[BlackTeamCountry "FRA"]

1. Nf3 Nf6 2. b3 d5 3. Bb2 Bf5 4. d3 e6 5. Nbd2 Nbd7 6. e3 Bd6 7. h3 h6 8. Qe2
c6 9. Nh2 Qc7 10. f4 e5 11. g3 O-O-O 12. O-O-O Rhe8 13. g4 exf4 14. gxf5 Rxe3
15. Qg2 Rg3 16. Qf2 Bc5 17. d4 Bd6 18. Re1 Qa5 19. Kb1 Bb4 20. Nhf3 Ne4 21.
Nxe4 Bxe1 22. Nd6+ Kb8 23. Nxe1 Nf6 24. Nxf7 Ne4 25. Qxf4+ Kc8 26. Bd3 Nd2+ 27.
Kc1 Rxh3 28. Rxh3 Re8 29. Nd6+ Kd7 30. Nxe8 Nxb3+ 31. cxb3 Qxe1+ 32. Kc2 Qxe8
33. f6 Qf7 34. Bf5+ 1-0

[Event "2eme Open Tarn Nord"]
[Site "Blaye les Mines"]
[Date "2010.??.??"]
[Round "4.5"]
[White "Masot, Liberto"]
[Black "Canivet, Christophe"]
[Result "1/2-1/2"]
[WhiteElo "1728"]
[BlackElo "1865"]
[PlyCount "110"]
[EventDate "2006.??.??"]
[EventType "swiss"]
[EventRounds "7"]
[EventCountry "FRA"]
[WhiteTeamCountry "FRA"]
[BlackTeamCountry "FRA"]

1. d4 e6 2. Nf3 d5 3. e3 Nf6 4. Bd3 c5 5. c3 Nbd7 6. Nbd2 c4 7. Bb1 b5 8. O-O
Bd6 9. e4 dxe4 10. Nxe4 Nxe4 11. Bxe4 Rb8 12. Bg5 Qc7 13. Re1 Bb7 14. Qc2 h6
15. Bh4 g5 16. Bg3 Nf6 17. Bxb7 Bxg3 18. d5 Rxb7 19. fxg3 Nxd5 20. Nd4 O-O 21.
Nxe6 Qb6+ 22. Nd4 b4 23. Kh1 bxc3 24. bxc3 Qb2 25. Qxb2 Rxb2 26. Nf5 Kh7 27.
Nd6 Nxc3 28. Nxc4 Rc2 29. Rec1 Rxc1+ 30. Rxc1 Nxa2 31. Ra1 Rc8 32. Nd6 Rc1+ 33.
Rxc1 Nxc1 34. Nxf7 Kg7 35. Nd6 Kf6 36. Kg1 Ke6 37. Ne4 Ke5 38. Nd2 Kd4 39. Nf3+
Ke3 40. Kf1 a5 41. Ke1 a4 42. Kd1 Nd3 43. Kc2 Nc5 44. h4 Ne4 45. hxg5 Nxg5 46.
Ne5 h5 47. g4 hxg4 48. Nxg4+ Kd4 49. Kb2 Kc4 50. Ka3 Kb5 51. Nf2 Ka5 52. Nd3
Kb5 53. Nb2 Kc5 54. Nxa4+ Kd4 55. Nb2 Ke3 1/2-1/2

[Event "2eme Open Tarn Nord"]
[Site "Blaye les Mines"]
[Date "2010.??.??"]
[Round "6.4"]
[White "Masot, Liberto"]
[Black "Pierre, Timothee"]
[Result "1-0"]
[WhiteElo "1728"]
[BlackElo "1937"]
[PlyCount "43"]
[EventDate "2006.??.??"]
[EventType "swiss"]
[EventRounds "7"]
[EventCountry "FRA"]
[WhiteTeamCountry "FRA"]
[BlackTeamCountry "FRA"]

1. d4 f5 2. Nf3 Nf6 3. g3 e6 4. Bg2 Be7 5. c4 d6 6. Nc3 Nbd7 7. Bf4 O-O 8. Qc2
Rb8 9. O-O a6 10. b4 Qe8 11. Ng5 Nb6 12. c5 Nbd5 13. Nxd5 Nxd5 14. Bxd5 exd5
15. cxd6 cxd6 16. Qb3 Qb5 17. Rac1 Re8 18. a4 Qxe2 19. Qxd5+ Kh8 20. Nf7+ Kg8
21. Nh6+ Kh8 22. Qg8+ 1-0

[Event "Open International d'Ambès 2010"]
[Site "Ambes"]
[Date "2010.??.??"]
[Round "5.12"]
[White "Masset, Jacques"]
[Black "Delgrange, Jean Loup"]
[Result "1-0"]
[WhiteElo "1963"]
[BlackElo "1876"]
[PlyCount "103"]
[EventDate "2010.04.??"]
[EventType "swiss"]
[EventRounds "9"]
[EventCountry "FRA"]
[WhiteTeamCountry "FRA"]
[BlackTeamCountry "FRA"]

1. e4 d6 2. c4 Nf6 3. Nc3 c5 4. Nf3 g6 5. d4 cxd4 6. Nxd4 Bg7 7. Be2 O-O 8. O-O
Nc6 9. Be3 Bd7 10. Rc1 Nxd4 11. Bxd4 Bc6 12. Bf3 Qa5 13. a3 a6 14. Nd5 Bxd5 15.
exd5 Nd7 16. Bxg7 Kxg7 17. Re1 Rae8 18. Qd4+ Kg8 19. Rc3 Qb6 20. Qd2 a5 21. Bd1
e5 22. Ba4 Rd8 23. Rh3 f5 24. b4 axb4 25. axb4 Qa7 26. Bxd7 Rxd7 27. Qc3 b6 28.
Ra1 Qb7 29. Qb3 Rc8 30. Rc3 Kg7 31. Rac1 Qb8 32. R3c2 Ra7 33. Qb2 Kf7 34. Qc3
Qc7 35. g3 Qd8 36. Qe3 Rca8 37. c5 bxc5 38. bxc5 Ra1 39. c6 Qa5 40. c7 Rc8 41.
Qh6 Kg8 42. Qg5 Kf7 43. Qh6 Kg8 44. Qh4 Rxc1+ 45. Rxc1 Qd2 46. Qd8+ Kg7 47.
Qxc8 Qxc1+ 48. Kg2 Qc5 49. Qd7+ Kh6 50. c8=Q Qxd5+ 51. Kh3 Qe4 52. Qf8+ 1-0

[Event "Open International d'Ambès 2010"]
[Site "Ambes"]
[Date "2010.??.??"]
[Round "7.12"]
[White "Masset, Jacques"]
[Black "Hui Bon Hoa, Edmond"]
[Result "0-1"]
[WhiteElo "1963"]
[BlackElo "1792"]
[PlyCount "92"]
[EventDate "2010.04.??"]
[EventType "swiss"]
[EventRounds "9"]
[EventCountry "FRA"]
[WhiteTeamCountry "FRA"]
[BlackTeamCountry "FRA"]

1. d4 Nf6 2. c4 g6 3. Nc3 Bg7 4. e4 d6 5. f4 O-O 6. Nf3 c5 7. d5 Na6 8. Bd3 Nb4
9. Bb1 Bg4 10. O-O Na6 11. Re1 Nd7 12. h3 Bxf3 13. Qxf3 Rb8 14. Bd2 Nc7 15. Bd3
a6 16. a4 e5 17. f5 Qf6 18. g4 g5 19. h4 h6 20. hxg5 hxg5 21. Re2 Bh6 22. Rh2
Kg7 23. Rf1 Rh8 24. Rff2 Rh7 25. Rh5 Rbh8 26. Rfh2 Nf8 27. Qd1 Qd8 28. Qb3 Qb8
29. Bxg5 Bxg5 30. Rxg5+ Kf6 31. Rgh5 Rxh5 32. Rxh5 Rxh5 33. gxh5 Nd7 34. Ne2 b6
35. Ng3 Qg8 36. Kf2 Qg5 37. Be2 Ne8 38. a5 Qf4+ 39. Kg2 bxa5 40. Qa4 Ke7 41.
Qxa5 Nef6 42. Bf3 Ng4 43. Bxg4 Qc1 44. Qxa6 Nf6 45. Qa7+ Kf8 46. Qb8+ Kg7 0-1